Mystery Movie Monologue #10 - Statistics

General Stats
  • This quiz has been taken 419 times
  • The average score is 42 of 93
Answer Stats
Answer % Correct
I
99%
I
99%
a
98%
a
98%
You
92%
you
92%
You
92%
you
92%
you
92%
you
92%
And
75%
and
75%
and
75%
and
75%
And
75%
And
75%
And
75%
And...
75%
No,
75%
no.
75%
no
75%
we're
73%
we're
73%
is
72%
it
71%
it
71%
to
71%
me?
69%
that
58%
don't
57%
not
55%
there.
53%
there
53%
love
52%
of
52%
of
52%
This
50%
your
49%
was
46%
was
46%
wasn't
46%
but
44%
But
44%
were
43%
were
43%
all
40%
all
40%
all.
40%
understand.
40%
like
37%
here.
34%
here
34%
some
33%
going
30%
you're
30%
because
29%
up,
29%
ever,
28%
ever
28%
I'm
28%
real,
27%
Doesn't
26%
live
25%
believe
21%
leave
21%
again,
20%
really
20%
very
20%
most
19%
home.
18%
Home!
18%
home!
18%
place.
18%
place
18%
remember
18%
nice,
17%
both
16%
Oh
16%
own
16%
Toto,
16%
anybody
15%
Auntie
15%
beautiful,
15%
safe.
15%
truly
15%
anyway,
14%
Em,
14%
humbug.
14%
kept
14%
kept
14%
pulling
14%
rusting
14%
tail,
14%
No matching quizzes found
Score Distribution
Percent of People with Each Score
Percentile by Number Answered
Your Score History
You have not taken this quiz